| 000 | 00000nam 2200000za 4500 |
| 001 | 9.640247 |
| 003 | CaOODSP |
| 005 | 20220419135343 |
| 007 | cr ||||||||||| |
| 008 | 150407|2006||||xxc|||||o f|0| 0 fre d |
| 040 | |aCaOODSP|bfre |
| 043 | |an-cn--- |
| 086 | 1 |aCi63-19/2006F-PDF |
| 110 | 1 |aCanada. |bCitoyenneté et immigration Canada. |
| 245 | 13|aLe Canada et les nouveaux arrivants / |h[ressource électronique]|c[publ. par le] Citoyenneté et Immigration Canada. |
| 250 | |aéd. 2006 |
| 260 | |aOttawa - Ontario : |bCitoyenneté et Immigration Canada |cc2006. |
| 300 | |a50p.|bcarte, tableau, photographies |
| 500 | |aLe nº de catalogue (Ci63-19/2006F) et l'ISBN (0-662-31658-4) de l'édition imprimée ont été incorrectement copiés dans cette édition électronique. |
| 590 | |a12-18-Supp|b2012-04-25 |
| 691 | 07|aCitoyenneté|2gcpds |
| 691 | 07|aImmigrant|2gcpds |
| 775 | 08|tA newcomer's introduction to Canada / |w(CaOODSP)9.696124 |
| 795 | |tLe Canada et les nouveaux arrivants / |w(CaOODSP)9.640244 |
| 856 | 40|ahttp://publications.gc.ca|qPDF|s1,006 Ko|uhttps://publications.gc.ca/collections/collection_2012/cic/Ci63-19-2006-fra.pdf |
| 986 | |aC&I-031-07-06F |